ELECTRONIC COMMUNICATIONS SYSTEMS (Record no. 18841)
[ view plain ]
| 000 -LEADER | |
|---|---|
| fixed length control field | 00235nam a2200097Ia 4500 |
| 008 - FIXED-LENGTH DATA ELEMENTS--GENERAL INFORMATION | |
| fixed length control field | 170619s9999 xx 000 0 und d |
| 100 ## - MAIN ENTRY--PERSONAL NAME | |
| Personal name | Kennedy / Davis |
| 245 #0 - TITLE STATEMENT | |
| Title | ELECTRONIC COMMUNICATIONS SYSTEMS |
| 260 ## - PUBLICATION, DISTRIBUTION, ETC. | |
| Name of publisher, distributor, etc. | Mc Graw Hill |
| 260 ## - PUBLICATION, DISTRIBUTION, ETC. | |
| Date of publication, distribution, etc. | 2008 |
| 546 ## - LANGUAGE NOTE | |
| Language note | ENGLISH |
| Withdrawn status | Lost status | Source of classification or shelving scheme | Damaged status | Not for loan | Home library | Current library | Date acquired | Source of acquisition | Barcode | Date last seen | Uniform Resource Identifier | Price effective from | Koha item type |
|---|---|---|---|---|---|---|---|---|---|---|---|---|---|
| IIMT Engineering College-BTech | IIMT Engineering College-BTech | 12/18/2008 | 1 | 06-B-29723 | 07/03/2017 | EC / EN | 07/03/2017 | Book Bank | |||||
| IIMT Engineering College-BTech | IIMT Engineering College-BTech | 12/18/2008 | 1 | 06-B-29724 | 07/03/2017 | EC / EN | 07/03/2017 | Book Bank | |||||
| IIMT Engineering College-BTech | IIMT Engineering College-BTech | 12/18/2008 | 1 | 06-B-29725 | 07/03/2017 | EC / EN | 07/03/2017 | Book Bank | |||||
| IIMT Engineering College-BTech | IIMT Engineering College-BTech | 12/18/2008 | 1 | 06-B-29726 | 07/03/2017 | EC / EN | 07/03/2017 | Book Bank | |||||
| IIMT Engineering College-BTech | IIMT Engineering College-BTech | 12/18/2008 | 1 | 06-B-29727 | 07/03/2017 | EC / EN | 07/03/2017 | Book Bank |

